000
00316nam a2200145Ia 4500
100
_a
Dabhade/M.L
250
_a
7
942
_c
BK
654
_a
Engineering Graphics
245
_a
Engineering Graphics II
260
_b
Vision Publications
_a
Jalgaon
_c
2004
082
_a
6.6
_b
DAB
546
_a
ENGLISH
999
_c
22975
_d
22975